00430pab a2200145 454500008004000000100002300040245007300063260000900136300001400145362001200159650002900171650003000200650002200230773003200252180718b2004 xxu||||| |||| 00| 0 eng d aMishra, Alok Kumar aStock market and foreign exchange market in India: are they related? c2004 ap.209-32. aJul-Dec aForeign exchange - India aFinancial markets - India aFinancial markets aSouth Asia Economic Journal